000 00710nam a2200229 a 4500
001 BRCA_7429
005 20190320205831.0
008 050413s1926----gw-a######---#000-0#ger-#
041 _ager
044 _agw
050 4 _aCJ1529
_b.F75 1926
100 1 _aFriedensburg, Ferdinand
_918307
245 1 0 _aMunzkunde uns Geldgeschichte der Einzelstaaten des Mittelalters under neuren zeit
_cvon Ferdinand Friedensburg.
260 _aMunich
_bR. Oldenbourg
_c1926
300 _aviii, 196 p.
_bil., 19 láminas
440 0 _aHandbuch der mittelalterlichen und neueren Geschichte
_918308
500 _aQ167
650 1 4 _aNumismática
_9914
650 1 4 _aDinero
_xHistoria
_918309
902 _aGFM
942 _2lcc
_cB
999 _c7105
_d7105